| 000 | 00531nam a2200205Ia 4500 | ||
|---|---|---|---|
| 008 | 170918s9999 xx 000 0 und d | ||
| 020 | _a9780764108228 | ||
| 050 | _bL477to 1999 | ||
| 100 | _aLee, Harper | ||
| 245 | _aHarper Lee's : | ||
| 245 | _bto kill a mockingbird / | ||
| 245 | _cby Harper Lee ; written by Mary Hartley with Toby Buzan. | ||
| 260 | _aUSA : | ||
| 260 | _bBarron's, | ||
| 260 | _c1999 | ||
| 300 | _ax, 86 pages : | ||
| 300 | _billustrations ; | ||
| 300 | _c19cm. | ||
| 300 | _eLiterature made easy. | ||
| 999 |
_c343980 _d343980 |
||